Learning Resource and Development

Macro perspective of tourism and hospitality / (Record no. 29669)

MARC details
000 -LEADER
fixed length control field 01331nam a2200265 i 4500
003 - CONTROL NUMBER IDENTIFIER
control field CSPC
005 - DATE AND TIME OF LATEST TRANSACTION
control field 20250602142756.0
008 - FIXED-LENGTH DATA ELEMENTS--GENERAL INFORMATION
fixed length control field 250522s2023 ph a b 000 0 eng d
020 ## - INTERNATIONAL STANDARD BOOK NUMBER
International Standard Book Number 9786218179097
040 ## - CATALOGING SOURCE
Transcribing agency CSPC
Original cataloging agency CSPC
Language of cataloging eng
Description conventions rda
082 04 - DEWEY DECIMAL CLASSIFICATION NUMBER
Classification number 338.4791
Item number Y48m
100 1# - MAIN ENTRY--PERSONAL NAME
Personal name Yeung, Mylene A.,
Relator term author.
245 10 - TITLE STATEMENT
Title Macro perspective of tourism and hospitality /
Statement of responsibility, etc. Mylene A. Yeung.
264 #1 - PRODUCTION, PUBLICATION, DISTRIBUTION, MANUFACTURE, AND COPYRIGHT NOTICE
Place of production, publication, distribution, manufacture Manila :
Name of producer, publisher, distributor, manufacturer EDRIC Publishing House,
Date of production, publication, distribution, manufacture, or copyright notice 2023.
300 ## - PHYSICAL DESCRIPTION
Extent 116 pages :
Other physical details illustrations ;
Dimensions 25 cm.
336 ## - CONTENT TYPE
Content type term text
Source rdacontent
337 ## - MEDIA TYPE
Media type term unmediated
Source rdamedia
338 ## - CARRIER TYPE
Carrier type term volume
Source rdacarrier
504 ## - BIBLIOGRAPHY, ETC. NOTE
Bibliography, etc. note Includes bibliographical references.
505 0# - FORMATTED CONTENTS NOTE
Formatted contents note Meaning and importance of tourism and hospitality -- History of tourism and hospitality -- Economics of tourism and hospitality -- Tourism and hospitality network and supply components -- Tourism and hospitality organizations -- Impacts of tourism and hospitality -- Trends and issues in the tourism and hospitality industry -- Future world tourism and hospitality issues -- Sustainable management of tourism and hospitality.
650 #4 - SUBJECT ADDED ENTRY--TOPICAL TERM
Topical term or geographic name entry element Tourist trade travel.
650 #4 - SUBJECT ADDED ENTRY--TOPICAL TERM
Topical term or geographic name entry element Entertaining.
942 ## - ADDED ENTRY ELEMENTS (KOHA)
Source of classification or shelving scheme Dewey Decimal Classification
Suppress in OPAC No
Koha item type Books
Classification part 338.4791
Call number prefix FIL
Call number suffix 2023
Holdings
Withdrawn status Lost status Source of classification or shelving scheme Damaged status Not for loan Home library Current library Shelving location Date acquired Total Checkouts Full call number Barcode Date last seen Copy number Price effective from Koha item type
    Dewey Decimal Classification     Main Library Main Library Filipiniana Section 05/22/2025   FIL 338.4791 Y48 2023 029644 05/22/2025 1-2 05/22/2025 Books
    Dewey Decimal Classification     Main Library Main Library Filipiniana Section 05/22/2025   FIL 338.4791 Y48 2023 029645 05/22/2025 2-2 05/22/2025 Books